00673nam a22001697a 450000500170000001000130001702000250003003500110005503700160006608200110008210000570009324501270015024600800027726000510035727000730040830000220048120200603114610.0 aUR-10773 c60.00a9789389002935 aU-9328 bDBAD/PUBa- a840.08 aمر تبہ:منا ظر عا شق ہر گا نو ی  aمر ز ا محمد ر فيع سو د ا :بچو ں کے شا عر cمر تبہ:منا ظر عا شق ہر گا نو ی  bMirza Mohd. Rafi Sauda: Bachchon Ke Shair (Urdu)aby Manazir Ashiq Harganvi aDelhibEducational Publishing House c2019 ء a3191,Vakil Street,Kucha Pandit Lal Kuan,bDelhie110006k23216162l- a48 ص c22 Cm(Hb)